Empty rates and empty promises (Record no. 79694)

MARC details
000 -LEADER
fixed length control field 00914cab a22002055a 4500
001 - CONTROL NUMBER
control field L141993
008 - FIXED-LENGTH DATA ELEMENTS--GENERAL INFORMATION
fixed length control field 080117s2007 xxk f 000 0 eng d
035 ## - SYSTEM CONTROL NUMBER
System control number (Sirsi) u141993
041 0# - LANGUAGE CODE
Language code of text/sound track or separate title eng
100 1# - MAIN ENTRY--PERSONAL NAME
Personal name Wills, Ian
245 00 - TITLE STATEMENT
Title Empty rates and empty promises
260 ## - PUBLICATION, DISTRIBUTION, ETC.
Date of publication, distribution, etc. 2007
490 #0 - SERIES STATEMENT
Series statement Property Forecast
Volume/sequential designation 10(12) December 2007, 12-13(2)
520 ## - SUMMARY, ETC.
Summary, etc. Discusses the UK Government's increase of the empty property tax burden. Covers: key points of the legislation and opposition to it. Discusses the issues raised including: listed buildings; properties in administration; rates avoidance. Concludes the legislation does not reflect the reality in the regions and is not appropriate for Central London.
590 ## - LOCAL NOTE (RLIN)
Local note KA
650 24 - SUBJECT ADDED ENTRY--TOPICAL TERM
Topical term or geographic name entry element RATING (EMPTY PROPERTIES) ACT 2007
651 #4 - SUBJECT ADDED ENTRY--GEOGRAPHIC NAME
Geographic name United Kingdom
Chronological subdivision
690 ## - LOCAL SUBJECT ADDED ENTRY--TOPICAL TERM (OCLC, RLIN)
Topical term or geographic name as entry element PROPERTY-PROPERTY TAXATION-PROPERTY TAX ALLOWANCES-CAPITAL ALLOWANCES
942 ## - ADDED ENTRY ELEMENTS (KOHA)
Suppress in OPAC 0
Holdings
Withdrawn status Lost status Source of classification or shelving scheme Damaged status Not for loan Home library Current library Shelving location Date acquired Total Checkouts Full call number Barcode Date last seen Copy number Price effective from Koha item type
    Dewey Decimal Classification     London London Journal article 17/01/2008   L141993 141993-1001 06/08/2019 1 06/08/2019 Journal article